Инженерное обеспечение гибкого производства изделий радиоэлектроники / (Record no. 30329)
[ view plain ]
| 000 -LEADER | |
|---|---|
| fixed length control field | 01299nam a2200289 a 4500 |
| 001 - CONTROL NUMBER | |
| control field | 000094984 |
| 003 - CONTROL NUMBER IDENTIFIER | |
| control field | AM-YEHGA |
| 005 - DATE AND TIME OF LATEST TRANSACTION | |
| control field | 20250617122115.0 |
| 008 - FIXED-LENGTH DATA ELEMENTS--GENERAL INFORMATION | |
| fixed length control field | 950417s1989 ru ||||| |||| 00| 0 rus d |
| 020 ## - INTERNATIONAL STANDARD BOOK NUMBER | |
| International Standard Book Number | 5256002872 |
| 040 ## - CATALOGING SOURCE | |
| Original cataloging agency | AM-YeHGA |
| 041 0# - LANGUAGE CODE | |
| Language code of text/sound track or separate title | rus |
| 090 ## - LOCALLY ASSIGNED LC-TYPE CALL NUMBER (OCLC); LOCAL CALL NUMBER (RLIN) | |
| -- | 30754 |
| 245 00 - TITLE STATEMENT | |
| Title | Инженерное обеспечение гибкого производства изделий радиоэлектроники / |
| Statement of responsibility, etc. | С. Д. Кретов, В. М. Литвинов, Я. Е. Львович и др. |
| 260 ## - PUBLICATION, DISTRIBUTION, ETC. | |
| Place of publication, distribution, etc. | Москва : |
| Name of publisher, distributor, etc. | Радио и связь, |
| Date of publication, distribution, etc. | 1989. |
| 300 ## - PHYSICAL DESCRIPTION | |
| Extent | 208 с. :. |
| 500 ## - GENERAL NOTE | |
| General note | Авт. указаны на обороте тит. л. |
| 504 ## - BIBLIOGRAPHY, ETC. NOTE | |
| Bibliography, etc. note | Библиогр. 87 назв. |
| 650 14 - SUBJECT ADDED ENTRY--TOPICAL TERM | |
| Topical term or geographic name entry element | Радиоэлектронная аппаратура |
| 650 14 - SUBJECT ADDED ENTRY--TOPICAL TERM | |
| Topical term or geographic name entry element | Организация производства. Экономика предприятий. Организация и техника торговли |
| 700 1# - ADDED ENTRY--PERSONAL NAME | |
| Personal name | Кретов, Святослав Дмитриевич |
| 700 1# - ADDED ENTRY--PERSONAL NAME | |
| Personal name | Литвинов, Виктор Максимович |
| 700 1# - ADDED ENTRY--PERSONAL NAME | |
| Personal name | Львович, Яков Евсеевич |
| 700 1# - ADDED ENTRY--PERSONAL NAME | |
| Personal name | Назаров, Виктор Алексеевич |
| 700 1# - ADDED ENTRY--PERSONAL NAME | |
| Personal name | Фролов, Вадим Николаевич |
| 942 ## - ADDED ENTRY ELEMENTS (KOHA) | |
| Source of classification or shelving scheme | Universal Decimal Classification |
| Koha item type | Գրքեր / Books |
| Withdrawn status | Lost status | Source of classification or shelving scheme | Damaged status | Not for loan | Collection | Home library | Current library | Date acquired | Total checkouts | Full call number | Barcode | Date last seen | Price effective from | Koha item type | Public note |
|---|---|---|---|---|---|---|---|---|---|---|---|---|---|---|---|
| Universal Decimal Classification | General | Fundamental Scientific Library | Fundamental Scientific Library | 21/12/2016 | РII/599543 | 120599543 | 21/12/2016 | 21/12/2016 | Գրքեր / Books | 30 Days Loan |
ՀՀ Գիտությունների ազգային ակադեմիայի հիմնարար գիտական գրադարան = Fundamental Scientific Library of NAS RA
All site content, except where otherwise noted, is licensed under a